MARC

LEADER 00000nam0a2200000 4500
001 214267
005 20231101225856.0
035 |a (RuTPU)RU\TPU\book\234129 
090 |a 214267 
100 |a 20120421d1935 m y0rusy50 ca 
101 0 |a rus 
102 |a RU 
105 |a a z 000zy 
200 1 |a Рабочий процесс авиационного дизеля  |f А. Д. Чаромский 
210 |a Москва  |a Ленинград  |c Главная редакция авиационной литературы  |d 1935 
215 |a 92 с.  |c ил. 
225 1 |a Труды Центрального научно-исследовательского института авиационного моторостроения  |v Вып. 17 
606 1 |a Авиационные двигатели  |x Камеры сгорания  |x Рабочий процесс  |x Электрооборудование  |2 stltpush  |3 (RuTPU)RU\TPU\subj\187  |9 29197 
610 1 |a авиационные двигатели 
610 1 |a дизели 
610 1 |a дизельные двигатели 
610 1 |a рабочий процесс 
610 1 |a сгорание 
610 1 |a обороты 
610 1 |a оборудование 
610 1 |a нагарообразование 
675 |a 621.431.75  |v 3 
700 1 |a Чаромский  |b А. Д. 
801 1 |a RU  |b 63413507  |c 20120421 
801 2 |a RU  |b 63413507  |c 20130211  |g RCR 
942 |c BK